000 00474nam a2200181Ia 4500
001 10808
005 20260306161859.0
008 260306t2011||||xx |||||||||||||| ||spa||
041 _aESP
082 _a970.03
_bE355
100 _aElliott, John H.
_eAUT
245 0 _aImperios del mundo atlántico:
_bEspaña y Gran Bretaña en América, 1492-1830
260 _c2011
300 _a830 páginas :
_c25 cm.
650 _aGEN
654 _aCHU
942 _cLIB
_dJUS
_fJUS
_2ddc
_n
999 _c10808
_d10808